| 000 | 01067nam a22003137a 4500 | ||
|---|---|---|---|
| 003 | EG-ScBUE | ||
| 005 | 20220202102547.0 | ||
| 008 | 091213s1982 enka f 000 1 eng d | ||
| 020 | _a0721407269 | ||
| 020 | _a9780721407265 | ||
| 040 |
_aEG-ScBUE _beng _erda _cEG-ScBUE _dEG-ScBUE |
||
| 082 | 0 | 4 |
_222 _a823.914 _bHOY |
| 100 | 1 |
_99885 _aHoyle, Fred, _d1915-2001, _eauthor. |
|
| 245 | 1 | 4 |
_aThe frozen planet of Azuron / _c by Fred and Geoffrey Hoyle ; illustrated by Martin Aitchison. |
| 264 | 1 |
_aLoughborough : _bLadybird Books Ltd, _c[1982] |
|
| 300 |
_a51 pages : _bcolor illustrations ; _c18 cm. |
||
| 336 |
_2rdacontent _atext _btxt |
||
| 337 |
_2rdamedia _aunmediated _bn |
||
| 338 |
_2rdacarrier _avolume _bnc |
||
| 490 | 0 | _aLadybird science fiction | |
| 650 | 7 |
_99891 _aScience fiction, English. _2BUEsh |
|
| 650 | 7 |
_aScience fiction _vJuvenile fiction. _2BUEsh |
|
| 651 | _2BUEsh | ||
| 653 | _bHHUUEENN | ||
| 655 |
_vReading book _934232 |
||
| 700 | 1 |
_99890 _aHoyle, Geoffrey, _eauthor. |
|
| 700 | 1 |
_aAitchison, Martin. _eillustrator. |
|
| 942 |
_2ddc _cBB |
||
| 999 |
_c13026 _d13026 |
||